[Event "Wch U16 blitz"]
[Site "Batumi"]
[Date "2023.06.11"]
[Round "7"]
[White "Gaybullayev, Sanjar"]
[Black "Gotsiridze, Davit"]
[Result "1-0"]
[WhiteElo "1744"]
[BlackElo "1785"]
[PlyCount "85"]
[EventDate "2023.06.10"]
[EventType "swiss (blitz)"]
[EventRounds "11"]
[EventCountry "GEO"]
[SourceTitle "EXT 2024"]
[Source "ChessBase"]
[SourceDate "2023.10.10"]
[SourceVersion "1"]
[SourceVersionDate "2023.10.10"]
[SourceQuality "1"]
[WhiteTeam "Turkmenistan"]
[BlackTeam "Georgia"]
[WhiteTeamCountry "TKM"]
[BlackTeamCountry "GEO"]

1. d4 Nf6 2. Nf3 d5 3. c4 e6 4. Nc3 c5 5. e3 Nc6 6. Bd3 Be7 7. 0-0 0-0 8. a3 b6 9. b3 Bb7 10. Bb2 Rc8 11. Rc1 Qc7 12. Qc2 g6 13. Rfd1 Rfd8 14. cxd5 exd5 15. Ne2 Nb8 16. Ne5 Nbd7 17. f4 Nxe5 18. fxe5 Ne4 19. Rf1 Bg5 20. Nf4 Qe7 21. Qe2 Rc7 22. Bxe4 dxe4 23. Qg4 Bxf4 24. Qxf4 Qe6 25. b4 c4 26. Bc3 Ra8 27. Qg5 Qe7 28. Rf6 a5 29. bxa5 bxa5 30. a4 Bd5 31. Rcf1 Qe8 32. Qh6 Qxa4 33. Qf4 Qe8 34. h4 h5 35. Qg5 a4 36. g4 hxg4 37. h5 Rc6 38. hxg6 fxg6 39. Rxc6 Bxc6 40. Rf6 a3 41. Rxg6+ Kf8 42. Qh6+ Kf7 43. Rg7+ 1-0

[Event "Wch U16 blitz"]
[Site "Batumi"]
[Date "2023.06.11"]
[Round "10"]
[White "Tarposhyan, Vardan"]
[Black "Gotsiridze, Davit"]
[Result "0-1"]
[WhiteElo "1595"]
[BlackElo "1785"]
[PlyCount "133"]
[EventDate "2023.06.10"]
[EventType "swiss (blitz)"]
[EventRounds "11"]
[EventCountry "GEO"]
[SourceTitle "EXT 2024"]
[Source "ChessBase"]
[SourceDate "2023.10.10"]
[SourceVersion "1"]
[SourceVersionDate "2023.10.10"]
[SourceQuality "1"]
[WhiteTeam "Armenia"]
[BlackTeam "Georgia"]
[WhiteTeamCountry "ARM"]
[BlackTeamCountry "GEO"]

1. d4 Nf6 2. Nf3 d5 3. Bf4 c5 4. e3 Nc6 5. Nbd2 Bf5 6. Nh4 Bg4 7. f3 Bh5 8. g4 cxd4 9. exd4 e5 10. dxe5 Nxg4 11. fxg4 Qxh4+ 12. Bg3 Qxg4 13. Qxg4 Bxg4 14. Bg2 Nd4 15. Rc1 Ne2 16. Rb1 Nxg3 17. hxg3 Be6 18. Nb3 Rc8 19. c3 Bc5 20. Kd2 0-0 21. Nd4 Bxd4 22. cxd4 Rc4 23. Ke3 Rfc8 24. Bf3 Rc2 25. Rhe1 R8c6 26. Re2 Rxe2+ 27. Bxe2 Bf5 28. Bd3 Bxd3 29. Kxd3 Kf8 30. Rh1 h6 31. b3 Ke7 32. a3 Ke6 33. b4 Kf5 34. Rf1+ Kg6 35. Rg1 Kg5 36. Rf1 Rc7 37. Rf4 f6 38. Rf1 Re7 39. Re1 Kg4 40. Re3 Re6 41. b5 f5 42. Kc3 g5 43. Kb4 f4 44. gxf4 gxf4 45. Re1 f3 46. Kc5 f2 47. Rb1 Re8 48. Kxd5 Rd8+ 49. Ke4 Kg3 50. Ke3 Rf8 51. d5 f1Q 52. Rxf1 Rxf1 53. e6 Rd1 54. Ke4 Kg4 55. Ke5 Kg5 56. e7 Re1+ 57. Kd6 Kf6 58. Kc7 Rxe7+ 59. Kb8 a6 60. b6 Ke5 61. a4 Kxd5 62. a5 h5 63. Ka8 h4 64. Ka7 Kc5 65. Kb8 Re8+ 66. Ka7 Ra8+ 67. Kxb7 0-1

[Event "Wch U16 blitz"]
[Site "Batumi"]
[Date "2023.06.10"]
[Round "5"]
[White "Antonyan, Hamlet"]
[Black "Gotsiridze, Davit"]
[Result "1-0"]
[WhiteElo "1438"]
[BlackElo "1785"]
[PlyCount "109"]
[EventDate "2023.06.10"]
[EventType "swiss (blitz)"]
[EventRounds "11"]
[EventCountry "GEO"]
[SourceTitle "EXT 2024"]
[Source "ChessBase"]
[SourceDate "2023.10.10"]
[SourceVersion "1"]
[SourceVersionDate "2023.10.10"]
[SourceQuality "1"]
[WhiteTeam "Armenia"]
[BlackTeam "Georgia"]
[WhiteTeamCountry "ARM"]
[BlackTeamCountry "GEO"]

1. e4 c5 2. Nc3 Nc6 3. Bb5 Nd4 4. Nf3 Nxb5 5. Nxb5 d6 6. d4 cxd4 7. Qxd4 Bd7 8. Nc3 Nf6 9. Bg5 g6 10. Bxf6 exf6 11. 0-0 Bc6 12. Rad1 Be7 13. Nd5 0-0 14. Nxe7+ Qxe7 15. Rfe1 Rfd8 16. c3 Qe6 17. a3 Rd7 18. Nd2 Re8 19. Qxa7 d5 20. Nf3 dxe4 21. Nd4 Qg4 22. h3 Qh5 23. Rc1 Red8 24. Qb6 Qd5 25. Re3 f5 26. g3 g5 27. Rce1 f4 28. Rxe4 Qxe4 29. Rxe4 Bxe4 30. Qf6 fxg3 31. Qxg5+ Bg6 32. fxg3 Rd5 33. Qe7 R8d7 34. Qe8+ Kg7 35. Qe3 Kf6 36. Qf4+ Kg7 37. Qe3 Kf6 38. Qe8 Kg7 39. h4 R5d6 40. Qe5+ f6 41. Qe3 Kf7 42. Qh6 Rd5 43. Qf4 Re5 44. g4 Re4 45. Qf3 Re1+ 46. Kf2 Rb1 47. Qe2 Re7 48. Qc4+ Ke8 49. Qb5+ Kd8 50. h5 Be4 51. Qb6+ Kc8 52. Kg3 Rd7 53. Nb5 Bd5 54. Qc5+ Kd8 55. Qf8# 1-0

[Event "Wch U16 blitz"]
[Site "Batumi"]
[Date "2023.06.10"]
[Round "3"]
[White "Safarov, Deniel"]
[Black "Gotsiridze, Davit"]
[Result "1-0"]
[WhiteElo "1950"]
[BlackElo "1785"]
[PlyCount "125"]
[EventDate "2023.06.10"]
[EventType "swiss (blitz)"]
[EventRounds "11"]
[EventCountry "GEO"]
[SourceTitle "EXT 2024"]
[Source "ChessBase"]
[SourceDate "2023.10.10"]
[SourceVersion "1"]
[SourceVersionDate "2023.10.10"]
[SourceQuality "1"]
[WhiteTeam "Georgia"]
[BlackTeam "Georgia"]
[WhiteTeamCountry "GEO"]
[BlackTeamCountry "GEO"]

1. e4 c5 2. Nf3 Nc6 3. d4 cxd4 4. Nxd4 Nf6 5. Nc3 e5 6. Ndb5 d6 7. Bg5 a6 8. Na3 b5 9. Nd5 Be7 10. Bxf6 Bxf6 11. c3 Rb8 12. Nc2 Bg5 13. Be2 0-0 14. 0-0 Be6 15. Qd3 Ne7 16. Ncb4 Bxd5 17. exd5 Qb6 18. Rfd1 f5 19. Nc2 Ng6 20. g3 f4 21. Rf1 Rbe8 22. Bf3 fxg3 23. hxg3 Rf7 24. Bg4 Kh8 25. Be6 Rf6 26. Kg2 Ref8 27. f3 Bh6 28. Bg4 Bf4 29. Qe4 Bh6 30. Ne1 Ne7 31. Rd1 Nf5 32. Bxf5 Rxf5 33. Nc2 g6 34. Nb4 Qd8 35. Nd3 Rh5 36. Rh1 Rxh1 37. Rxh1 Qg5 38. Nf2 Bg7 39. Qh4 Qxh4 40. Rxh4 Bf6 41. Rh1 Kg7 42. Ne4 Be7 43. Ra1 Rb8 44. b3 a5 45. Kf2 g5 46. g4 Kg6 47. Ng3 Bf8 48. Ke2 Be7 49. Rc1 Bf6 50. Nf5 Rb6 51. c4 bxc4 52. Rxc4 h5 53. Rc6 Rb5 54. Rxd6 h4 55. Rd7 Rc5 56. Kd2 h3 57. Ng3 h2 58. Rd6 e4 59. fxe4 Rc3 60. Rxf6+ Kxf6 61. Kxc3 Ke5 62. Kd3 Kd6 63. Kd4 1-0

[Event "Wch U16 blitz"]
[Site "Batumi"]
[Date "2023.06.10"]
[Round "1"]
[White "Sapenov, Daniyal"]
[Black "Gotsiridze, Davit"]
[Result "1-0"]
[WhiteElo "2356"]
[BlackElo "1785"]
[PlyCount "131"]
[EventDate "2023.06.10"]
[EventType "swiss (blitz)"]
[EventRounds "11"]
[EventCountry "GEO"]
[SourceTitle "EXT 2024"]
[Source "ChessBase"]
[SourceDate "2023.10.10"]
[SourceVersion "1"]
[SourceVersionDate "2023.10.10"]
[SourceQuality "1"]
[WhiteTeam "Kazakhstan"]
[BlackTeam "Georgia"]
[WhiteTeamCountry "KAZ"]
[BlackTeamCountry "GEO"]

1. d4 Nf6 2. Nf3 d5 3. c4 e6 4. g3 Be7 5. Bg2 0-0 6. 0-0 dxc4 7. Qc2 a6 8. a4 Bd7 9. Qxc4 Bc6 10. Bg5 h6 11. Bxf6 Bxf6 12. e3 a5 13. Nbd2 Na6 14. Qe2 Nb4 15. Nc4 Be4 16. Rfd1 Qe7 17. Rac1 Na2 18. Ra1 Nb4 19. Nfe5 Bxg2 20. Kxg2 Rfd8 21. Rac1 Ra6 22. Nd3 Nxd3 23. Rxd3 c5 24. dxc5 Rxd3 25. Qxd3 Qxc5 26. b3 b5 27. axb5 Qxb5 28. h4 a4 29. bxa4 Rxa4 30. Rc2 h5 31. Qe2 g6 32. Kh2 Kg7 33. Kg2 Rb4 34. Qf1 Rb1 35. Rc1 Rxc1 36. Qxc1 Qc6+ 37. Kg1 Qc5 38. Qc2 Qc6 39. Qd3 Qf3 40. Nd2 Qg4 41. Kh2 Qd1 42. Kg2 Qg4 43. Nf3 Qb4 44. e4 Qc5 45. Qe2 Qc6 46. Kh2 Qc5 47. Ng1 Bd4 48. Kg2 Bf6 49. Nh3 Qc6 50. Nf4 Qb7 51. Qf3 Qc6 52. Nh3 Qb7 53. Ng1 Qc6 54. Ne2 Qb7 55. Qd3 Qc6 56. Ng1 Qb7 57. Qc4 Qb2 58. Nf3 Qb7 59. Qc2 Qa8 60. Kh2 Qb7 61. Qe2 Qb2 62. Qe1 Bd4 63. Kg2 Bf6 64. e5 Be7 65. Qa5 Bc5 66. Qxc5 1-0

[Event "Wch U16 rapid"]
[Site "Batumi"]
[Date "2023.06.07"]
[Round "7"]
[White "Silagadze, Mate"]
[Black "Gotsiridze, Davit"]
[Result "0-1"]
[WhiteElo "1293"]
[BlackElo "1651"]
[PlyCount "140"]
[EventDate "2023.06.06"]
[EventType "swiss (rapid)"]
[EventRounds "11"]
[EventCountry "GEO"]
[SourceTitle "EXT 2024"]
[Source "ChessBase"]
[SourceDate "2023.10.10"]
[SourceVersion "1"]
[SourceVersionDate "2023.10.10"]
[SourceQuality "1"]
[WhiteTeam "Georgia"]
[BlackTeam "Georgia"]
[WhiteTeamCountry "GEO"]
[BlackTeamCountry "GEO"]

1. d4 Nf6 2. c4 e6 3. Nc3 d5 4. cxd5 exd5 5. Bg5 c6 6. e3 Bf5 7. Bd3 Bxd3 8. Qxd3 Nbd7 9. Nge2 Be7 10. 0-0 0-0 11. Rad1 a5 12. f3 Nb6 13. e4 Nc4 14. e5 Nxb2 15. exf6 Bxf6 16. Bxf6 Qxf6 17. Qc2 Nxd1 18. Rxd1 b5 19. Nb1 Rfb8 20. Rc1 Ra6 21. Nd2 a4 22. a3 b4 23. axb4 Rxb4 24. Qc5 Rb2 25. Rb1 Rxb1+ 26. Nxb1 Qf5 27. Na3 h6 28. h3 Qd3 29. Nc3 Qe3+ 30. Kh2 Qf4+ 31. Kh1 Qc1+ 32. Kh2 Qb2 33. Kh1 Qb3 34. Kh2 Kh7 35. Kg3 Qb7 36. Qd6 Ra8 37. Qc5 Qb8+ 38. Kf2 Qb2+ 39. Kg3 Qb7 40. Kh2 Rb8 41. Nxa4 Qb4 42. Nc3 Qxc5 43. dxc5 Rb3 44. Nab1 d4 45. Ne2 Rxb1 46. Nxd4 Rc1 47. Nxc6 Rxc5 48. Nd4 h5 49. Ne2 Rc4 50. Ng3 Kg6 51. Ne4 Rd4 52. Nc3 Kf5 53. Ne2 Rc4 54. Ng3+ Kg5 55. Nf1 g6 56. Nd2 Rb4 57. Nf1 Kf4 58. Ng3 Ke3 59. Nf1+ Ke2 60. Ng3+ Kf2 61. Nh1+ Ke3 62. Ng3 f5 63. Nf1+ Ke2 64. Ng3+ Kf2 65. Nh1+ Ke3 66. Kg3 Rb2 67. h4 Rc2 68. Kh3 f4 69. Kh2 Rc1 70. g4 Kxf3 0-1

[Event "Wch U16 rapid"]
[Site "Batumi"]
[Date "2023.06.06"]
[Round "2"]
[White "Gurel, Ediz"]
[Black "Gotsiridze, Davit"]
[Result "1-0"]
[WhiteElo "2345"]
[BlackElo "1651"]
[PlyCount "66"]
[EventDate "2023.06.06"]
[EventType "swiss (rapid)"]
[EventRounds "11"]
[EventCountry "GEO"]
[SourceTitle "EXT 2024"]
[Source "ChessBase"]
[SourceDate "2023.10.10"]
[SourceVersion "1"]
[SourceVersionDate "2023.10.10"]
[SourceQuality "1"]
[WhiteTeam "Turkey"]
[BlackTeam "Georgia"]
[WhiteTeamCountry "TUR"]
[BlackTeamCountry "GEO"]

1. e4 c5 2. Nf3 Nc6 3. d4 cxd4 4. Nxd4 Nf6 5. Nc3 e5 6. Ndb5 d6 7. Bg5 a6 8. Na3 b5 9. Nd5 Be7 10. Bxf6 Bxf6 11. c4 b4 12. Nc2 a5 13. Qf3 Bg5 14. h4 Bh6 15. g4 Bf4 16. Be2 Be6 17. Nxf4 exf4 18. Qxf4 Ne5 19. Ne3 Qc8 20. 0-0 Qd8 21. Qg3 Rc8 22. b3 Qb6 23. Rad1 0-0 24. Kh2 f6 25. f4 Nf7 26. g5 fxg5 27. hxg5 Qb7 28. Bd3 a4 29. f5 Bd7 30. Nd5 Kh8 31. Rf4 Ne5 32. Rh4 Bc6 33. Qh3 g6 1-0

[Event "Wch U10"]
[Site "Batumi"]
[Date "2016.10.30"]
[Round "11"]
[White "Gotsiridze, Davit"]
[Black "Yudin, Yakov"]
[Result "1-0"]
[WhiteElo "1193"]
[BlackElo "1469"]
[PlyCount "113"]
[EventDate "2016.10.19"]
[EventType "swiss"]
[EventRounds "11"]
[EventCountry "GEO"]
[SourceTitle "EXT 2018"]
[Source "ChessBase"]
[SourceDate "2017.10.13"]
[SourceVersion "1"]
[SourceVersionDate "2017.10.13"]
[SourceQuality "1"]

1. e4 c5 2. Nf3 d6 3. d4 cxd4 4. Nxd4 Nf6 5. Nc3 a6 6. Be2 e5 7. Nb3 Be7 8. 0-0 Be6 9. Be3 0-0 10. f3 Nbd7 11. f4 exf4 12. Bxf4 Ne5 13. Bxe5 dxe5 14. Qxd8 Rfxd8 15. Rad1 Bb4 16. Bf3 Bxc3 17. Rxd8+ Rxd8 18. bxc3 Rc8 19. Rd1 h6 20. Rd3 Kh7 21. h3 Kg8 22. Kf2 Kf8 23. Ke1 Ke7 24. Kd2 b6 25. Re3 a5 26. a3 Rc4 27. Rd3 Rc8 28. Re3 Rd8+ 29. Rd3 Rxd3+ 30. Kxd3 Kd6 31. c4 Nd7 32. Be2 Nc5+ 33. Nxc5 Kxc5 34. Kc3 g6 35. g4 f5 36. gxf5 gxf5 37. exf5 Bxf5 38. h4 Be6 39. Bd3 Bg4 40. Be4 Be2 41. Bd3 Bf3 42. Bf1 e4 43. Kd2 Kd4 44. c3+ Ke5 45. Ke3 Ke6 46. Bh3+ Ke5 47. Bf1 Bd1 48. Bg2 Bc2 49. Bh1 Bd3 50. Bg2 a4 51. Bh1 Kf5 52. Bg2 h5 53. Bh3+ Ke5 54. Bg2 Bb1 55. Bf1 Bc2 56. Be2 Kf5 57. Bxh5 1-0

[Event "Wch U10"]
[Site "Batumi"]
[Date "2016.10.29"]
[Round "10"]
[White "Lee, Care Greene"]
[Black "Gotsiridze, Davit"]
[Result "1-0"]
[WhiteElo "1549"]
[BlackElo "1193"]
[PlyCount "45"]
[EventDate "2016.10.19"]
[EventType "swiss"]
[EventRounds "11"]
[EventCountry "GEO"]
[SourceTitle "EXT 2018"]
[Source "ChessBase"]
[SourceDate "2017.10.13"]
[SourceVersion "1"]
[SourceVersionDate "2017.10.13"]
[SourceQuality "1"]

1. e4 c5 2. Nf3 a6 3. d4 cxd4 4. Nxd4 Nf6 5. Nc3 e5 6. Nb3 Nc6 7. f3 d6 8. Be3 Be6 9. Nd5 Be7 10. Bb6 Qc8 11. Nc7+ Kf8 12. Nxa8 Qxa8 13. c4 Nh5 14. g3 Qc8 15. Rc1 Bh3 16. Kf2 Be6 17. c5 Bxb3 18. Qxb3 Nd4 19. Qd5 Nf6 20. cxd6 Qxc1 21. dxe7+ Kxe7 22. Bc5+ Ke8 23. Bb5+ 1-0

[Event "Wch U10"]
[Site "Batumi"]
[Date "2016.10.21"]
[Round "3"]
[White "Gotsiridze, Davit"]
[Black "Kienboeck, Benjamin"]
[Result "1-0"]
[WhiteElo "1193"]
[BlackElo "1478"]
[PlyCount "71"]
[EventDate "2016.10.19"]
[EventType "swiss"]
[EventRounds "11"]
[EventCountry "GEO"]
[SourceTitle "CBM 175 Extra"]
[Source "ChessBase"]
[SourceDate "2016.12.12"]
[SourceVersion "1"]
[SourceVersionDate "2016.12.12"]
[SourceQuality "1"]

1. e4 e5 2. d4 exd4 3. Qxd4 Nc6 4. Qe3 Be7 5. Nc3 d6 6. Bd2 Nf6 7. Bc4 Ne5 8. Bb3 Bd7 9. 0-0-0 a5 10. f4 a4 11. Bd5 Nxd5 12. Nxd5 Ng6 13. h3 c6 14. Nxe7 Nxe7 15. Bc3 Be6 16. a3 f6 17. Bb4 Nc8 18. g4 Qc7 19. Nf3 c5 20. Bc3 0-0 21. e5 dxe5 22. fxe5 fxe5 23. Bxe5 Qe7 24. Ng5 Ra6 25. Bd6 Nxd6 26. Qxe6+ Qxe6 27. Nxe6 Rf2 28. Rhf1 Ne4 29. Rxf2 Nxf2 30. Rd8+ Kf7 31. Nxc5 Rc6 32. Nxa4 b5 33. Nc3 b4 34. axb4 Nxh3 35. Rd7+ Kg6 36. b5 1-0

[Event "Wch U10"]
[Site "Batumi"]
[Date "2016.10.20"]
[Round "2"]
[White "Liandzbergas, Mykolas"]
[Black "Gotsiridze, Davit"]
[Result "1/2-1/2"]
[WhiteElo "1501"]
[BlackElo "1193"]
[PlyCount "74"]
[EventDate "2016.10.19"]
[EventType "swiss"]
[EventRounds "11"]
[EventCountry "GEO"]
[SourceTitle "CBM 175 Extra"]
[Source "ChessBase"]
[SourceDate "2016.12.12"]
[SourceVersion "1"]
[SourceVersionDate "2016.12.12"]
[SourceQuality "1"]

1. e4 c5 2. Nc3 d6 3. Bb5+ Bd7 4. Bxd7+ Qxd7 5. f4 Nc6 6. Nf3 g6 7. d3 Bg7 8. Bd2 Nf6 9. 0-0 0-0 10. Qe1 Ne8 11. Qg3 e6 12. Qh4 Qe7 13. Qh3 Nd4 14. Nxd4 Bxd4+ 15. Kh1 Bg7 16. f5 Nc7 17. Qg4 e5 18. Bg5 Qd7 19. Qg3 f6 20. Bd2 g5 21. h4 h6 22. hxg5 hxg5 23. Kg1 Kf7 24. Kf2 Ke7 25. Rh1 Rh8 26. Qg4 Qe8 27. a4 a5 28. b3 Qf7 29. Ne2 b6 30. Ng3 Rad8 31. Rh5 Rxh5 32. Qxh5 Rh8 33. Qxf7+ Kxf7 34. c4 Rh4 35. Rh1 Rxh1 36. Nxh1 Ne8 37. Ng3 Bf8 1/2-1/2

[Event "Wch U10"]
[Site "Batumi"]
[Date "2016.10.19"]
[Round "1"]
[White "Gotsiridze, Davit"]
[Black "Zong, Davis Jr"]
[Result "0-1"]
[WhiteElo "1193"]
[BlackElo "1716"]
[PlyCount "68"]
[EventDate "2016.10.19"]
[EventType "swiss"]
[EventRounds "11"]
[EventCountry "GEO"]
[SourceTitle "CBM 175 Extra"]
[Source "ChessBase"]
[SourceDate "2016.12.12"]
[SourceVersion "1"]
[SourceVersionDate "2016.12.12"]
[SourceQuality "1"]

1. e4 e5 2. d4 exd4 3. Qxd4 Nc6 4. Qe3 d6 5. Nc3 Nf6 6. Bd2 Be7 7. 0-0-0 Be6 8. Bb5 0-0 9. Nf3 a6 10. Bd3 b5 11. Kb1 Nb4 12. h3 c5 13. g4 d5 14. exd5 Nfxd5 15. Qe4 Nxc3+ 16. Bxc3 Bxa2+ 17. Ka1 f5 18. Qe5 Rf7 19. Bc4 Bxc4 20. Rxd8+ Rxd8 21. Bxb4 cxb4 22. gxf5 Bf6 23. Qf4 Rfd7 24. Rc1 Rd1 25. Ng1 a5 26. Kb1 a4 27. Qg4 Rxc1+ 28. Kxc1 a3 29. Kb1 axb2 30. Qf3 Bd5 31. Qd3 Ba2+ 32. Kxa2 Ra8+ 33. Qa3 Rxa3+ 34. Kb1 Ra1# 0-1

[Event "EU-ch U10 26th"]
[Site "Prague"]
[Date "2016.08.21"]
[Round "4"]
[White "Gotsiridze, Davit"]
[Black "Dias, Savin"]
[Result "1-0"]
[WhiteElo "1075"]
[BlackElo "1516"]
[PlyCount "117"]
[EventDate "2016.08.18"]
[EventType "swiss"]
[EventRounds "9"]
[EventCountry "CZE"]
[SourceTitle "CBM 174 Extra"]
[Source "ChessBase"]
[SourceDate "2016.10.10"]
[SourceVersion "1"]
[SourceVersionDate "2016.10.10"]
[SourceQuality "1"]

1. e4 c5 2. Nf3 d6 3. d4 cxd4 4. Nxd4 Nf6 5. Nc3 g6 6. Be3 Bg7 7. f3 0-0 8. Qd2 Nc6 9. 0-0-0 d5 10. Nxc6 bxc6 11. exd5 Nxd5 12. Nxd5 cxd5 13. Qxd5 Qc7 14. Qc5 Qb7 15. b3 Bf5 16. Bd3 Rfc8 17. Qa5 Bxd3 18. Rxd3 Qc6 19. Qd2 Bc3 20. Qe2 Rc7 21. Rhd1 Rcc8 22. Bd4 Bxd4 23. Rxd4 Qc3 24. Kb1 e5 25. Re4 Rc5 26. Qd3 Rac8 27. Qxc3 Rxc3 28. Rd2 f6 29. Kb2 R8c7 30. Rd8+ Kg7 31. Rd7+ Kf8 32. Rxc7 Rxc7 33. c4 Ke7 34. Re3 Ke6 35. Kc3 f5 36. b4 g5 37. c5 a5 38. a3 h5 39. Kc4 axb4 40. axb4 g4 41. fxg4 f4 42. Ra3 hxg4 43. Ra6+ Kf5 44. b5 f3 45. gxf3 gxf3 46. b6 Rh7 47. c6 f2 48. Ra1 Rh4+ 49. Kc5 Rxh2 50. c7 Rh8 51. b7 e4 52. c8Q+ Rxc8+ 53. bxc8Q+ Kf4 54. Kd4 e3 55. Qf8+ Kg3 56. Kxe3 f1Q 57. Rxf1 Kh3 58. Rg1 Kh4 59. Qh8# 1-0

[Event "EU-ch U10 26th"]
[Site "Prague"]
[Date "2016.08.19"]
[Round "2"]
[White "Gotsiridze, Davit"]
[Black "Fiszer, Bartosz"]
[Result "0-1"]
[WhiteElo "1075"]
[BlackElo "1690"]
[PlyCount "72"]
[EventDate "2016.08.18"]
[EventType "swiss"]
[EventRounds "9"]
[EventCountry "CZE"]
[SourceTitle "CBM 174 Extra"]
[Source "ChessBase"]
[SourceDate "2016.10.10"]
[SourceVersion "1"]
[SourceVersionDate "2016.10.10"]
[SourceQuality "1"]

1. c4 c5 2. Nc3 Nf6 3. g3 g6 4. Bg2 Bg7 5. Nf3 0-0 6. 0-0 Nc6 7. d4 cxd4 8. Nxd4 Nxd4 9. Qxd4 d6 10. Qd1 Qc7 11. Nd5 Nxd5 12. cxd5 Bd7 13. Rb1 Rfc8 14. Bg5 h6 15. Be3 Bf5 16. Rc1 Bc2 17. Qd2 Bxb2 18. Rce1 Kh7 19. Bh3 f5 20. Bg2 Qd7 21. Bd4 Bxd4 22. Qxd4 b5 23. Bh3 Rc4 24. Qd2 Rac8 25. Bg2 a6 26. Rc1 b4 27. e3 a5 28. Rfe1 a4 29. Bf1 Rc3 30. Qd4 Qb7 31. Qh4 R8c7 32. Qd4 b3 33. Qxa4 b2 34. Qe8 bxc1Q 35. Rxc1 Be4 36. Rxc3 Rxc3 0-1

[Event "EU-ch U10 26th"]
[Site "Prague"]
[Date "2016.08.18"]
[Round "1"]
[White "Hlavina, Matous"]
[Black "Gotsiridze, Davit"]
[Result "0-1"]
[WhiteElo "1586"]
[BlackElo "1075"]
[PlyCount "120"]
[EventDate "2016.08.18"]
[EventType "swiss"]
[EventRounds "9"]
[EventCountry "CZE"]
[SourceTitle "CBM 174 Extra"]
[Source "ChessBase"]
[SourceDate "2016.10.10"]
[SourceVersion "1"]
[SourceVersionDate "2016.10.10"]
[SourceQuality "1"]

1. e4 c5 2. Nf3 Nc6 3. d4 cxd4 4. Nxd4 e5 5. Nb3 Nf6 6. Nc3 Bb4 7. Bd2 Bxc3 8. Bxc3 Nxe4 9. Bc4 Nxc3 10. bxc3 0-0 11. 0-0 Qh4 12. Bd5 Qd8 13. Qe2 d6 14. Rad1 Qe7 15. Rfe1 Re8 16. Qf3 Bd7 17. Re3 Rac8 18. Qh5 g6 19. Qh6 Bf5 20. Rd2 Red8 21. h4 Qf8 22. Qg5 Qg7 23. Rg3 Rd7 24. h5 Ne7 25. h6 Qf8 26. Qf6 Nxd5 27. Qxf5 Nb6 28. Qh3 Qe7 29. Rgd3 Nc4 30. Re2 Rcc7 31. f4 e4 32. Rd4 d5 33. f5 Ne5 34. fxg6 fxg6 35. Nd2 Rd6 36. Qg3 Nc6 37. Rexe4 dxe4 38. Rxd6 e3 39. Nf3 e2 40. Rd3 Rd7 41. Qf2 Ne5 42. Nxe5 Qxe5 43. Qe1 Rxd3 44. cxd3 Qe3+ 45. Kh1 Qxd3 46. Kh2 Qd1 47. Qg3 e1Q 48. Qb8+ Kf7 49. Qxb7+ Qe7 50. Qxe7+ Kxe7 51. Kg3 Qd3+ 52. Kf2 Qxc3 53. Kg1 Qb2 54. Kh1 Qxa2 55. g4 a5 56. g5 a4 57. Kg1 Qb2 58. Kh1 a3 59. Kg1 a2 60. Kh1 a1Q# 0-1